00481nam a2200193Ia 4500003000900000005001700009008004100026040001300067040001300080041000800093100002100101100000900122245010400131250001400235260001300249260000900262300001000271490000600281IT-RoPAU20220918175638.0120407s9999 xx 000 0 und d aIT-RoPAU cIT-RoPAU aita aB. Juan Ferreres cs.j. aTesoro del sacerdote... Liturgia, oratoria y teologia pastoral, por el P. José Mach, S.J. 16a ed. aBarcelona aSubirana c1927 c22 cm v1